000 00733nam a2200289Ia 4500
005 20260324130642.0
008 008 260324s9999 xx 000 0 eng d
020 _a9781003444350
037 _aEBOOK
040 _aCRL
040 _beng
040 _cCRL
041 _2eng
041 _aeng
084 _qCRL
100 _aJames A. Anderson; Ronald A. Crutcher
_91182586
245 0 _aDriving Change Through Diversity and Globalization
245 0 _bTransformative Leadership in the Academy
260 _bTaylor and Francis
260 _c2007
365 _a
365 _b130
856 _uhttp://www.taylorfrancis.com/books/9781003444350
942 _cEBOOK
999 _c1778944
_d1778944